000 00263nam a2200121 4500
999 _c10640
_d10640
003 OSt
005 20220505161931.0
008 220505b ||||| |||| 00| 0 eng d
082 _a747
100 _aFranco Magnani
245 _aRoom for the seventies
942 _2ddc